000 nam a22 7a 4500
999 _c43924
_d43924
003 OSt
005 20180322143948.0
008 180322b xxu||||| |||| 00| 0 eng d
040 _cIIMT
100 _aCHERUNILAM FRANCIS
245 _aBUSINESS ENVIRONMENT
300 _a776
942 _2ddc
_c02